000 00309nam a2200133Ia 4500
100 _aChandiramani/ K.G.
942 _cBK
654 _aCutting
245 _aMetal Cutting Technology and experiments
260 _bTata Mc Graw hill
_aNew Delhi
_c1975
082 _a671.53
300 _a316
546 _aENGLISH
999 _c31301
_d31301